000 00309nam a2200109Ia 4500
008 171211s9999 xx 000 0 und d
245 _aStudies in Economic Nationalism (LvMI)
245 _cMichael A. Heilperin
260 _c2011
650 _xECONOMICS
856 _uhttp://down.ebook777.com/062/193355083X.pdf
999 _c349584
_d349584